Youth violence : theory, prevention, and interventions /

Bibliographic Details
Main Author: Seifert, Kathryn
Corporate Author: ebrary, Inc
Other Authors: Ray, Karen, Dr, Schmidt, Robert
Format: eBook
Language:English
Published: New York : Springer Pub., 2011.
Subjects:
Online Access:Connect to the full text of this electronic book

MARC

Tag First Indicator Second Indicator Subfields
LEADER 00000cam a2200000 a 4500
001 in00002785931
006 m o d
007 cr cn|||||||||
008 110722s2011 nyua ob 001 0 eng d
005 20250816203347.0
010 |z  2011030146 
020 |z 9780826107404 
020 |z 9780826107411 (e-book) 
035 |a (CaPaEBR)ebr10509973 
035 |a (OCoLC)762325149 
040 |a CaPaEBR  |c CaPaEBR  |d UtOrBLW 
043 |a n-us--- 
050 1 4 |a RJ506.V56  |b S458 2011eb 
082 0 4 |a 362.760973  |2 23 
100 1 |a Seifert, Kathryn. 
245 1 0 |a Youth violence :  |b theory, prevention, and interventions /  |c by Kathryn Seifert ; with chapters Karen Ray, Robert Schmidt. 
264 1 |a New York :  |b Springer Pub.,  |c 2011. 
300 |a 1 online resource (xx, 235 pages) :  |b illustrations 
336 |a text  |b txt  |2 rdacontent 
337 |a computer  |b c  |2 rdamedia 
338 |a online resource  |b cr  |2 rdacarrier 
504 |a Includes bibliographical references and index. 
505 0 |a Youth violence : prevalence and trends -- Demographic factors in youth violence -- Types of youth violence -- Theoretical perspectives on youth violence -- Individual factors that impact youth violence -- Environmental factors that impact youth violence -- Bullying and harassment -- Youth suicide -- Violence risk assessments for children and adolescents -- Youth violence prevention programs -- Interventions -- Youth violence : policy implications. 
500 |a Electronic resource. 
650 0 |a Violence in children  |z United States. 
650 0 |a Children and violence  |z United States. 
655 7 |a Electronic books.  |2 local 
700 1 |a Ray, Karen,  |c Dr. 
700 1 |a Schmidt, Robert. 
710 2 |a ebrary, Inc. 
856 4 0 |u https://ebookcentral.proquest.com/lib/tamucs/detail.action?docID=795222  |y Connect to the full text of this electronic book  |t 0 
980 |a 121201  |b 45  |c USD  |e 45  |f YBP_EBR0000048150  |g 1 
999 f f |s 9f4eea2c-fe9b-3f40-8f8a-3a27f68c35e9  |i 5dc220ea-afae-3308-90df-4e69f211f972  |t 0 
999 |a MARS 
952 f f |a Texas A&M University  |b College Station  |c Electronic Resources  |d Available Online  |t 0  |e RJ506.V56 S458 2011eb  |h Library of Congress classification 
998 f f |a RJ506.V56 S458 2011eb  |t 0  |l Available Online